[Event "AUTO-ADV-1583"]
[Site "http://www.queenalice.com/game.php?id=800251"]
[Date "2010.7.8"]
[Round "2"]
[White "DTG"]
[Black "archangel"]
[Result "1-0"]
[WhiteElo "2029"]
[BlackElo "1758"]

1. e4 e6 2. d4 d5 3. exd5 exd5 4. Nf3 Bg4 5. Be2 Nf6 6. Bg5 Nbd7 7. O-O Bd6 8.
Nbd2 Qe7 9. h3 Bh5 10. Re1 O-O-O 11. c3 h6 12. Bd3 Qf8 13. Be3 g5 14. Qa4 a6 15.
Ne5 Nb6 16. Bf5+ Kb8 17. Qb3 Qg7 18. c4 dxc4 19. Ndxc4 Nxc4 20. Nxc4 g4 21. Na5
b6 22. Nc6+ Kb7 23. Nxd8+ Rxd8 24. d5 b5 25. a4 b4 26. Qc4 gxh3 27. Qc6+ Kb8 28.
Bxh3 Bf3 29. Qxa6 Nd7 30. Qa7+ 1-0

[Event "AUTO-ADV-1583"]
[Site "http://www.queenalice.com/game.php?id=800252"]
[Date "2010.7.8"]
[Round "2"]
[White "archangel"]
[Black "DTG"]
[Result "1-0"]
[WhiteElo "1741"]
[BlackElo "2039"]

1. d4 d5 2. c4 e6 3. Nf3 Nf6 4. Bg5 Be7 5. e3 O-O 6. Nbd2 b6 7. Bd3 c5 8. Qc2 h6
9. Bxf6 Bxf6 10. O-O-O cxd4 11. exd4 dxc4 12. Be4 Na6 13. Bxa8 Nb4 14. Qxc4 Be7
15. Be4 Ba6 16. Qb3 Qd6 17. Kb1 f5 18. Bc2 Rc8 19. Bxf5 1-0

[Event "AUTO-MASTER-1164"]
[Site "http://www.queenalice.com/game.php?id=800517"]
[Date "2010.7.8"]
[Round "1"]
[White "BeHappy"]
[Black "DTG"]
[Result "1-0"]
[WhiteElo "2205"]
[BlackElo "2078"]

1. e4 e5 2. Nf3 Nf6 3. Nc3 Nc6 4. a3 Bc5 5. Be2 d6 6. O-O Bg4 7. d3 h6 8. Na4
Nd7 9. c3 a5 10. Nxc5 Nxc5 11. b3 Be6 12. Rb1 b6 13. a4 Ne7 14. Qc2 Ng6 15. d4
exd4 16. cxd4 Na6 17. Bb5+ Bd7 18. Qc4 Nb4 19. Bxd7+ Qxd7 20. Bd2 Na6 21. Ne1
O-O 22. Qd3 Qg4 23. h3 Qe6 24. g4 Rfe8 25. f3 Nb4 26. Qb5 Qf6 27. Be3 Nf4 28.
Kh2 Ne6 29. Rd1 Na2 30. Rd2 Nb4 31. Ng2 Rab8 32. Qh5 g5 33. h4 Kg7 34. Kg3 Rh8
35. d5 Qe5+ 36. Kh3 Nf8 37. Bd4 Qxd4 38. Rxd4 Nd7 39. hxg5 hxg5 40. Qxh8+ Rxh8+
41. Kg3 Na6 42. Rc4 Nac5 43. Rc3 Ne5 44. Re3 f6 45. f4 Ned3 46. fxg5 fxg5 47.
Rff3 Ne5 48. Rf5 Kg6 49. Ne1 Rh4 50. Rxe5 dxe5 51. Nf3 Rh1 52. Nxe5+ Kf6 53. Nc6
Rg1+ 54. Kh3 Rh1+ 55. Kg2 Rb1 56. e5+ Kg7 57. Nd4 Rb2+ 58. Kf3 Rd2 59. Nf5+ Kg6
60. e6 1-0

[Event "AUTO-MASTER-1164"]
[Site "http://www.queenalice.com/game.php?id=800518"]
[Date "2010.7.8"]
[Round "1"]
[White "DTG"]
[Black "BeHappy"]
[Result "0-1"]
[WhiteElo "2091"]
[BlackElo "2159"]

1. d4 f5 2. Nc3 Nf6 3. Bg5 e6 4. e3 Be7 5. Nf3 O-O 6. Bd3 b6 7. Ne5 Bb7 8. f3 a6
9. Qe2 d6 10. Nc4 a5 11. Qf2 Nd5 12. Bxe7 Qxe7 13. Nxd5 exd5 14. Nd2 f4 15. e4
dxe4 16. fxe4 Bxe4 17. O-O Bxd3 18. cxd3 d5 19. Rae1 Qd6 20. Re2 Nd7 21. Rfe1
Rf6 22. Re7 Nf8 23. Qe2 Rf7 24. Re5 c5 25. Nf3 cxd4 26. Ng5 Rf6 27. Qh5 Qd7 28.
Re7 Qf5 29. R1e5 Qxd3 30. Nf3 Rc8 31. Re1 Rc5 32. Nh4 h6 33. Nf5 Qxf5 34. Qe8 f3
0-1

[Event "AUTO-MASTER-1164"]
[Site "http://www.queenalice.com/game.php?id=800531"]
[Date "2010.7.8"]
[Round "1"]
[White "Alexandrovinsk"]
[Black "DTG"]
[Result "1-0"]
[WhiteElo "2154"]
[BlackElo "2037"]

1. e4 e5 2. Nf3 Nf6 3. Nxe5 d6 4. Nf3 Nxe4 5. d4 Bg4 6. Be2 Be7 7. O-O O-O 8.
Nbd2 Nxd2 9. Bxd2 Nd7 10. c4 Bf6 11. Bc3 Nb6 12. b3 Re8 13. Re1 Qd7 14. Qd2 Qf5
15. h3 Bxf3 16. Bxf3 c6 17. Rxe8+ Rxe8 18. Re1 Rxe1+ 19. Qxe1 Qe6 20. Qa1 d5 21.
c5 Nd7 22. Kf1 Bg5 23. Qe1 Qxe1+ 24. Kxe1 f5 25. Be2 Nf6 26. f3 Nh5 27. Bd3 Nf4
28. Bxf5 Nxg2+ 29. Kf2 Nf4 30. Bc8 b6 31. cxb6 axb6 32. b4 Ng6 33. a4 Ne7 34.
Bb7 Kf7 35. a5 bxa5 36. bxa5 Bf4 37. a6 Bb8 38. Bb4 Ba7 39. Bc5 1-0

[Event "AUTO-MASTER-1164"]
[Site "http://www.queenalice.com/game.php?id=800532"]
[Date "2010.7.8"]
[Round "1"]
[White "DTG"]
[Black "Alexandrovinsk"]
[Result "0-1"]
[WhiteElo "2021"]
[BlackElo "2135"]

1. d4 d5 2. c4 c6 3. Nc3 Nf6 4. Bg5 e6 5. e3 Nbd7 6. Nf3 Be7 7. Bd3 dxc4 8. Bxc4
b5 9. Bb3 a6 10. O-O O-O 11. Qd3 c5 12. dxc5 Nxc5 13. Qxd8 Rxd8 14. Bc2 Bb7 15.
Rad1 Kf8 16. Rxd8+ Rxd8 17. Rd1 Rxd1+ 18. Nxd1 h6 19. Bh4 Bxf3 20. gxf3 Nd5 21.
Bg3 Nb4 22. Bb1 Bf6 23. a3 Nc6 24. b4 Na4 25. Be4 Nd8 26. Bc7 Ke8 27. Bc2 Nb2
28. Kf1 Nxd1 29. Bxd1 Bb2 30. a4 Kd7 31. Bb6 Nc6 32. Bc5 Bc3 33. axb5 axb5 34.
Be2 Bxb4 35. Bxb4 Nxb4 36. Bxb5+ Kd6 37. Kg2 g5 38. Kg3 Nd5 39. Be8 f5 40. e4
f4+ 41. Kg4 Nf6+ 0-1

[Event "AUTO-MASTER-1164"]
[Site "http://www.queenalice.com/game.php?id=800539"]
[Date "2010.7.8"]
[Round "1"]
[White "SirKnight"]
[Black "DTG"]
[Result "1-0"]
[WhiteElo "2132"]
[BlackElo "2050"]

1. e4 e5 2. Nf3 Nf6 3. Nxe5 d6 4. Nf3 Nxe4 5. Nc3 Nxc3 6. dxc3 Be7 7. Bc4 Be6 8.
Qe2 Qd7 9. O-O O-O 10. Re1 Bxc4 11. Qxe7 Be6 12. Qh4 Bf5 13. Nd4 Bg6 14. Bg5 Re8
15. f3 Nc6 16. Rac1 Ne5 17. f4 Nc6 18. Nxc6 Qxc6 19. Qf2 Rxe1+ 20. Rxe1 a6 21.
f5 Bh5 22. f6 Qc5 23. Qxc5 dxc5 24. fxg7 Kxg7 25. Bf4 c6 26. Bc7 Bg6 27. Bb6 c4
28. Re2 Rd8 29. Bxd8 1-0

[Event "AUTO-MASTER-1164"]
[Site "http://www.queenalice.com/game.php?id=800540"]
[Date "2010.7.8"]
[Round "1"]
[White "DTG"]
[Black "SirKnight"]
[Result "1/2-1/2"]
[WhiteElo "1970"]
[BlackElo "2047"]

1. d4 Nf6 2. c4 e6 3. Nf3 b6 4. Nc3 Bb4 5. Bd2 O-O 6. e3 Nc6 7. a3 Bxc3 8. Bxc3
Ne4 9. Qd3 Nxc3 10. Qxc3 Bb7 11. Bd3 Ne7 12. O-O Ng6 13. e4 Nf4 14. Rfe1 Nxd3
15. Qxd3 Qf6 16. b3 Rfe8 17. Ne5 d6 18. Ng4 Qg6 19. f3 h5 20. Nf2 Rad8 21. a4 d5
22. Rad1 dxe4 23. Nxe4 h4 24. Nf2 Qxd3 25. Rxd3 g5 26. Ng4 Kg7 27. Ne5 f6 28.
Ng4 a5 29. Nf2 Kf7 30. Ng4 Bc6 31. Kf2 Bd7 32. Ne3 f5 33. Nc2 Bc6 34. Rde3 Bd7
35. Na3 Bc6 1/2-1/2

[Event "AUTO-MASTER-1168"]
[Site "http://www.queenalice.com/game.php?id=802835"]
[Date "2010.7.13"]
[Round "1"]
[White "DTG"]
[Black "leduar"]
[Result "1-0"]
[WhiteElo "2077"]
[BlackElo "2024"]

1. d4 Nf6 2. c4 g6 3. Nc3 Bg7 4. e4 d6 5. Bd3 Nc6 6. Nf3 Bg4 7. Be3 Nd7 8. Be2
f5 9. h3 Bh5 10. Ng5 Bxe2 11. Nxe2 Nf8 12. Nf4 Qd7 13. O-O h6 14. Nf3 O-O-O 15.
d5 Ne5 16. Nd4 Nxc4 17. Nde6 Nxe3 18. fxe3 Nxe6 19. Nxe6 Rdg8 20. Rc1 c6 21. Qa4
Kb8 22. b4 a6 23. Nxg7 Rxg7 24. dxc6 Qc7 25. cxb7 Qxb7 26. Rc6 Ka7 27. b5 Qxb5
28. Qd4+ Kb7 29. Rfc1 e5 30. Qxd6 Rhh7 31. a4 Qb2 32. a5 Ka8 33. Rc8+ Ka7 34.
Qc5+ Kb7 35. Qc6+ Ka7 36. Qa8# 1-0

[Event "AUTO-MASTER-1168"]
[Site "http://www.queenalice.com/game.php?id=802836"]
[Date "2010.7.13"]
[Round "1"]
[White "leduar"]
[Black "DTG"]
[Result "0-1"]
[WhiteElo "1994"]
[BlackElo "2042"]

1. e4 e5 2. Nc3 Nf6 3. Nf3 Nc6 4. Bc4 Bc5 5. O-O d6 6. Re1 Bg4 7. Be2 Qd7 8. Nh4
Nd4 9. Bxg4 Nxg4 10. Nf3 Nxf3+ 11. Qxf3 Bxf2+ 12. Kh1 Bxe1 13. h3 Nf6 14. g3
Qxh3+ 0-1

[Event "AUTO-MASTER-1168"]
[Site "http://www.queenalice.com/game.php?id=802837"]
[Date "2010.7.13"]
[Round "1"]
[White "DTG"]
[Black "peao_malvado"]
[Result "0-1"]
[WhiteElo "2067"]
[BlackElo "2067"]

1. d4 Nf6 2. c4 g6 3. Nc3 Bg7 4. e4 d6 5. Bd3 O-O 6. h3 c5 7. d5 e6 8. Nf3 exd5
9. exd5 Re8+ 10. Be2 Ne4 11. Nxe4 Rxe4 12. O-O Na6 13. Rb1 Bd7 14. Bg5 f6 15.
Bh4 Qf8 16. Bd3 Ree8 17. b3 Nb4 18. a3 Nxd3 19. Qxd3 Bf5 20. Qd2 Bxb1 21. Rxb1
Re4 22. Bg3 Rae8 23. Qa5 Qe7 24. Qxa7 Qc7 25. Qa4 Bf8 26. Qb5 Ra8 27. Re1 Rxe1+
28. Nxe1 Rxa3 29. Nd3 Kf7 30. Nf4 Ra5 31. Ne6 Rxb5 32. Nxc7 Rxb3 33. Nb5 Rb4 34.
Nxd6+ Bxd6 35. Bxd6 Rxc4 36. Bc7 Ke7 37. d6+ Kd7 0-1

[Event "AUTO-MASTER-1168"]
[Site "http://www.queenalice.com/game.php?id=802838"]
[Date "2010.7.13"]
[Round "1"]
[White "peao_malvado"]
[Black "DTG"]
[Result "1/2-1/2"]
[WhiteElo "2016"]
[BlackElo "2077"]

1. d4 d5 2. c4 e6 3. Nf3 Nf6 4. Bg5 Be7 5. e3 Nbd7 6. Nc3 b6 7. Rc1 dxc4 8. Bxc4
O-O 9. O-O Bb7 10. d5 exd5 11. Nxd5 Nxd5 12. Bxd5 Bxd5 13. Qxd5 c5 14. Bxe7 Qxe7
15. Rfd1 Nf6 16. Qc4 Rfd8 17. Qc2 Rxd1+ 18. Rxd1 1/2-1/2

[Event "AUTO-MASTER-1168"]
[Site "http://www.queenalice.com/game.php?id=802839"]
[Date "2010.7.13"]
[Round "1"]
[White "DTG"]
[Black "Alexandrovinsk"]
[Result "0-1"]
[WhiteElo "1992"]
[BlackElo "2113"]

1. d4 Nf6 2. c4 g6 3. Nc3 d5 4. Bg5 Ne4 5. Nxe4 dxe4 6. e3 Bg7 7. Ne2 O-O 8. Nc3
c5 9. d5 Nd7 10. Qc2 f5 11. Be2 Ne5 12. b3 Nf7 13. Bf4 Qa5 14. Rc1 Rd8 15. O-O
e5 16. Bg3 Nd6 17. Bh4 Re8 18. Na4 Bd7 19. Nc3 a6 20. Qd1 b5 21. Rc2 Rab8 22. g4
f4 23. Qd2 b4 24. Nd1 f3 0-1

[Event "AUTO-MASTER-1168"]
[Site "http://www.queenalice.com/game.php?id=802840"]
[Date "2010.7.13"]
[Round "1"]
[White "Alexandrovinsk"]
[Black "DTG"]
[Result "1-0"]
[WhiteElo "2106"]
[BlackElo "1981"]

1. e4 e5 2. Nf3 Nc6 3. Bb5 d6 4. d4 Bd7 5. Nc3 exd4 6. Nxd4 Nxd4 7. Bxd7+ Qxd7
8. Qxd4 Nf6 9. O-O Be7 10. Rb1 O-O 11. b3 Ng4 12. Nd5 Bd8 13. Bb2 Nf6 14. c4 Qg4
15. f3 Qg6 16. Kh1 Nxd5 17. Qxd5 Rb8 18. Rbd1 Bf6 19. Bxf6 Qxf6 20. Qa5 b6 21.
Qxa7 Rfc8 22. Rd2 Ra8 23. Qb7 Qd8 24. Qd5 Ra5 25. Qd4 Rca8 26. a4 Rh5 27. g3 Qg5
28. Qd5 Ra5 29. Qxg5 Raxg5 30. Rd5 f5 31. Rxf5 Rxf5 32. exf5 Rxf5 33. Kg2 Kf7
34. Re1 Rf6 35. f4 Re6 36. Rxe6 Kxe6 37. Kf3 d5 38. cxd5+ Kxd5 39. Ke3 Kc5 40.
g4 Kb4 41. f5 Kxb3 42. g5 Kxa4 43. f6 1-0